<?xml version="1.0" encoding="UTF-8"?>
<record
    xmlns:xsi="http://www.w3.org/2001/XMLSchema-instance"
    xsi:schemaLocation="http://www.loc.gov/MARC21/slim http://www.loc.gov/standards/marcxml/schema/MARC21slim.xsd"
    xmlns="http://www.loc.gov/MARC21/slim">

  <leader>01384namaa22003131i 4500</leader>
  <controlfield tag="005">20260430113446.0</controlfield>
  <controlfield tag="008">260430s1994    ua a|||frm||| 000 0 eng d</controlfield>
  <datafield tag="040" ind1=" " ind2=" ">
    <subfield code="a">EG-GICUC</subfield>
    <subfield code="b">eng</subfield>
    <subfield code="c">EG-GICUC</subfield>
    <subfield code="d">EG-GICUC</subfield>
    <subfield code="e">rda</subfield>
  </datafield>
  <datafield tag="041" ind1="0" ind2=" ">
    <subfield code="a">eng</subfield>
    <subfield code="b">eng</subfield>
    <subfield code="b">ara</subfield>
  </datafield>
  <datafield tag="049" ind1=" " ind2=" ">
    <subfield code="a">Deposit</subfield>
  </datafield>
  <datafield tag="097" ind1=" " ind2=" ">
    <subfield code="a">M.Sc</subfield>
  </datafield>
  <datafield tag="099" ind1=" " ind2=" ">
    <subfield code="a">Cai01.09.06.M.Sc.1994.Da.C</subfield>
  </datafield>
  <datafield tag="100" ind1="0" ind2=" ">
    <subfield code="a">Dalia Mohamed El- Boghdady,</subfield>
    <subfield code="e">preparation.</subfield>
  </datafield>
  <datafield tag="245" ind1="1" ind2="0">
    <subfield code="a">A Clinical Study of The Post Retention Pulpal Reaction to Extrusive Tooth Movement in Human Premolars /</subfield>
    <subfield code="b"> </subfield>
    <subfield code="c">By Dalia Mohamed El- Boghdady ; Supervisors Dr. Yehya Ahmed Mostafa, Dr. Sanaa Abd Zeid Solman</subfield>
  </datafield>
  <datafield tag="246" ind1="1" ind2="5">
    <subfield code="a">&#x62F;&#x631;&#x627;&#x633;&#x629; &#x627;&#x643;&#x644;&#x64A;&#x646;&#x64A;&#x643;&#x64A;&#x629; &#x644;&#x62A;&#x623;&#x62B;&#x64A;&#x631; &#x627;&#x644;&#x644;&#x628; &#x627;&#x644;&#x633;&#x646;&#x64A; &#x639;&#x642;&#x628; &#x627;&#x633;&#x62A;&#x628;&#x642;&#x627;&#x621; &#x62A;&#x62D;&#x631;&#x64A;&#x643; &#x627;&#x644;&#x633;&#x646; &#x627;&#x642;&#x635;&#x627;&#x626;&#x64A;&#x627; &#x644;&#x636;&#x648;&#x627;&#x62D;&#x643; &#x627;&#x644;&#x627;&#x646;&#x633;&#x627;&#x646;</subfield>
  </datafield>
  <datafield tag="264" ind1=" " ind2="0">
    <subfield code="c">1994.</subfield>
  </datafield>
  <datafield tag="300" ind1=" " ind2=" ">
    <subfield code="a">59 Leaves</subfield>
    <subfield code="b">illustrations </subfield>
    <subfield code="c">30 cm. + </subfield>
  </datafield>
  <datafield tag="336" ind1=" " ind2=" ">
    <subfield code="2">rda content</subfield>
    <subfield code="a">text</subfield>
  </datafield>
  <datafield tag="337" ind1=" " ind2=" ">
    <subfield code="2">rdamedia</subfield>
    <subfield code="a">Unmediated</subfield>
  </datafield>
  <datafield tag="338" ind1=" " ind2=" ">
    <subfield code="2">rdacarrier</subfield>
    <subfield code="a">volume</subfield>
  </datafield>
  <datafield tag="502" ind1=" " ind2=" ">
    <subfield code="a">Thesis (M.Sc.)-Cairo University, 1994</subfield>
  </datafield>
  <datafield tag="504" ind1=" " ind2=" ">
    <subfield code="a">Bibliography: pages 54-59</subfield>
  </datafield>
  <datafield tag="653" ind1=" " ind2="0">
    <subfield code="a">Extrusive Tooth Movement in Human Premolars</subfield>
  </datafield>
  <datafield tag="700" ind1="0" ind2=" ">
    <subfield code="a">Yehya Ahmed Mostafa</subfield>
    <subfield code="e">thesis advisor.</subfield>
  </datafield>
  <datafield tag="700" ind1="0" ind2=" ">
    <subfield code="a">Sanaa Abd Zeid Solman</subfield>
    <subfield code="e">thesis advisor.</subfield>
  </datafield>
  <datafield tag="900" ind1=" " ind2=" ">
    <subfield code="D">Department of Orthodontics</subfield>
    <subfield code="F">Faculty of Dentistry</subfield>
    <subfield code="U">Cairo University</subfield>
    <subfield code="b">1994</subfield>
    <subfield code="c">Yehya Ahmed Mostafa</subfield>
    <subfield code="c">Sanaa Abd Zeid Solman</subfield>
  </datafield>
  <datafield tag="905" ind1=" " ind2=" ">
    <subfield code="a">Nehad</subfield>
  </datafield>
  <datafield tag="942" ind1=" " ind2=" ">
    <subfield code="2">ddc</subfield>
    <subfield code="c">TH</subfield>
    <subfield code="e">21</subfield>
    <subfield code="n">0</subfield>
  </datafield>
  <datafield tag="999" ind1=" " ind2=" ">
    <subfield code="c">179852</subfield>
  </datafield>
  <datafield tag="952" ind1=" " ind2=" ">
    <subfield code="2">ddc</subfield>
    <subfield code="9">317466</subfield>
    <subfield code="a">CUCL</subfield>
    <subfield code="b">100</subfield>
    <subfield code="d">2026-04-30</subfield>
    <subfield code="i">26129</subfield>
    <subfield code="o">Cai01.09.06.M.Sc.1994.Da.C</subfield>
    <subfield code="p">01010110026129000</subfield>
    <subfield code="r">2026-04-30 10:35:38</subfield>
    <subfield code="w">2026-04-30</subfield>
    <subfield code="y">TH</subfield>
  </datafield>
</record>
